000 00213nam a2200097Ia 4500
008 170619s9999 xx 000 0 und d
100 _aLiao- Samuel Y.
245 0 _aMicrowave
260 _bNew Delhi: PHI
260 _c1999
546 _aENGLISH
999 _c16130
_d16130